000 00445nam a2200193Ia 4500
005 20240823035556.0
008 240823s9999||||xx |||||||||||||| ||und||
020 _a978-0-143-06334-6
041 _aENGLISH
082 _A823.92 Q1
100 _aIra Trivedi
245 0 _aTheres No Love Wall Street
250 _a1st
260 _c2011
_b"Penguin Books,En"
500 _aYES
650 _aNovel
_bEnglish
942 _cBK
999 _c201017
_d201017